Genética : texto y atlas /
Guardado en:
| Autor Principal: | |
|---|---|
| Formato: | Libro |
| Publicado: |
Madrid :
Médica Panamericana,
2010
|
| Edición: | 3a. ed. |
| Materias: | |
| Etiquetas: |
Agregar Etiqueta
Sin Etiquetas, Sea el primero en etiquetar este registro!
|
| LEADER | 00649nam a22002055a 4500 | ||
|---|---|---|---|
| 001 | CEM.cems017501 | ||
| 005 | 20110505102129.0 | ||
| 008 | 130507s2010##################000#0#####d | ||
| 003 | CEMS | ||
| 020 | |a 9788498351927 | ||
| 082 | 0 | 4 | |a 575.1 |
| 100 | 1 | |a Passarge, Eberhard | |
| 245 | 1 | 0 | |a Genética : |b texto y atlas / |c Eberhard Passarge |
| 250 | |a 3a. ed. | ||
| 260 | |a Madrid : |b Médica Panamericana, |c 2010 | ||
| 300 | |a 486 p. | ||
| 505 | 0 | |a Fundamentos -- Genómica -- Genética y medicina | |
| 653 | |a Genética | ||
| 859 | |a CEMS |b BIB. CEMS - Agricultura |h 575.1 |i P266a3 |p A1303.11 |t Ej.1 | ||
| 859 | |a CEMS |b BIB. CEMS - Agricultura |h 575.1 |i P266a3 |p A1304.11 |t Ej.2 | ||
